00268nam a2200109Ia 4500008004100000100001700041245001500058260000900073300003100082440002400113650002100137180117s9999 xx 000 0 und d aby Gregg Yan aSweet Deal c2017 a22-24 pages, 2017 March 26 aPhilippine Panorama aNEGROS SUGARCANE